000
00276nam a22001097a 4500
005
20251014110959.0
008
251014b |||||||| |||| 00| 0 eng d
040
_c
PK-LaNCA
082
_a
720.108
_b
MAS
245
_a
Masters of light : designing the luminous house
942
_c
BK
999
_c
67046
_d
67046